Normal view
MARC view
- IMAGE PROCESSING - DIGITAL TECHNIQUES, FRACTALS.FRACTAL GEOMETRY IN DIGITAL IMAGING
Entry Topical Term
001 - CONTROL NUMBER
- control field: 61605
003 - CONTROL NUMBER IDENTIFIER
- control field: NUST
005 - DATE AND TIME OF LATEST TRANSACTION
- control field: 20210628202801.0
008 - FIXED-LENGTH DATA ELEMENTS
- fixed length control field: 210628|| aca||aabn | a|a d
040 ## - CATALOGING SOURCE
- Original cataloging agency: NUST
- Transcribing agency: NUST
150 ## - HEADING--TOPICAL TERM
- Topical term or geographic name entry element: IMAGE PROCESSING - DIGITAL TECHNIQUES, FRACTALS.FRACTAL GEOMETRY IN DIGITAL IMAGING
670 ## - SOURCE DATA FOUND
- Source citation: Work cat.: (NUST): Turner, Martin J, Blackledge, Jonathan M, Andrews, Patrick R 61604, Fractal geometry in digital imaging, 1998
